Istilah fizik II
| Format: | Book |
|---|---|
| Published: |
Kuala Lumpur :
DBP ,
1988
|
| Subjects: |
MARC
| LEADER | 00000cam a2200000 7i4500 | ||
|---|---|---|---|
| 001 | 0000000437 | ||
| 002 | 000000515 | ||
| 005 | 20000330.0 | ||
| 020 | |a 9836204679 | ||
| 090 | 0 | 0 | |a 530.03 |b IST |
| 245 | 0 | 0 | |a Istilah fizik II |
| 260 | |a Kuala Lumpur : |b DBP , |c 1988 | ||
| 300 | |a 311p. ; |c 14cm. | ||
| 650 | 0 | 0 | |a Physics |x Dictionaries |
| 650 | 0 | 0 | |a Physics |x Terminology |
| 999 | |a 0014741 |b BUKU |c RUJUKAN |e PERPUSTAKAAN KOMUNITI PETALING JAYA | ||